Países del mundo y prefijo telefónico - Estadísticas

Estadísticas generales
  • Esta prueba ha sido intentada 29 veces
  • La puntuación promedio es 5 de 196
Respuestas en el mapa
Las respuestas están codificadas por una escala verde-roja en el mapa de la prueba según el % correcto abajo.
 
Estadísticas de respuestas
País y prefijo telefónico % Correcto
España +34
71%
Estados Unidos +1
42%
Canadá +1
38%
Francia +33
29%
Argentina +54
25%
Rusia +7
21%
Bélgica +32
17%
Brasil +55
17%
Países Bajos +31
17%
Reino Unido +44
17%
Colombia +57
13%
México +52
13%
Venezuela +58
13%
Bolivia +591
8%
El Salvador +503
8%
Irlanda +353
8%
Italia +39
8%
Kazajistán +7
8%
Perú +51
8%
Polonia +48
8%
Portugal +351
8%
Albania +355
4%
Alemania +49
4%
Andorra +376
4%
Chile +56
4%
China +86
4%
Ciudad del Vaticano +379
4%
Costa Rica +506
4%
Cuba +53
4%
Ecuador +593
4%
Gambia +220
4%
Guatemala +502
4%
Honduras +504
4%
India +91
4%
Islandia +354
4%
Japón +81
4%
Luxemburgo +352
4%
Mónaco +377
4%
Nicaragua +505
4%
Panamá +507
4%
Paraguay +595
4%
República Dominicana +1809
4%
Samoa +685
4%
San Marino +378
4%
Uruguay +598
4%
Afganistán +93
0%
Angola +244
0%
Antigua y Barbuda +1268
0%
Arabia Saudita +966
0%
Argelia +213
0%
Armenia +374
0%
Australia +61
0%
Austria +43
0%
Azerbaiyán +994
0%
Bahamas +1242
0%
Bangladés +880
0%
Barbados +1246
0%
Baréin +973
0%
Belice +501
0%
Benín +229
0%
Bielorrusia +375
0%
Bosnia y Herzegovina +387
0%
Botsuana +267
0%
Brunéi +673
0%
Bulgaria +359
0%
Burkina Faso +226
0%
Burundi +257
0%
Bután +975
0%
Cabo Verde +238
0%
Camboya +855
0%
Camerún +237
0%
Catar +974
0%
Chad +235
0%
Chipre +357
0%
Comoras +269
0%
Corea del Norte +850
0%
Corea del Sur +82
0%
Costa de Marfil +225
0%
Croacia +385
0%
Dinamarca +45
0%
Dominica +1767
0%
Egipto +20
0%
Emiratos Árabes Unidos +971
0%
Eritrea +291
0%
Eslovaquia +421
0%
Eslovenia +386
0%
Estados Federados de Micronesia +691
0%
Estonia +372
0%
Esuatini +268
0%
Etiopía +251
0%
Filipinas +63
0%
Finlandia +358
0%
Fiyi +679
0%
Gabón +241
0%
Georgia +995
0%
Ghana +233
0%
Granada +1473
0%
Grecia +30
0%
Guinea +224
0%
Guinea-Bissau +245
0%
Guinea Ecuatorial +240
0%
Guyana +592
0%
Haití +509
0%
Hungría +36
0%
Indonesia +62
0%
Irak +964
0%
Irán +98
0%
Islas Marshall +692
0%
Islas Salomón +677
0%
Israel +972
0%
Jamaica +1876
0%
Jordania +962
0%
Kenia +254
0%
Kirguistán +996
0%
Kiribati +686
0%
Kosovo +383
0%
Kuwait +965
0%
Laos +856
0%
Lesoto +266
0%
Letonia +371
0%
Líbano +961
0%
Liberia +231
0%
Libia +218
0%
Liechtenstein +423
0%
Lituania +370
0%
Macedonia del Norte +389
0%
Madagascar +261
0%
Malasia +60
0%
Malaui +265
0%
Maldivas +960
0%
Malí +223
0%
Malta +356
0%
Marruecos +212
0%
Mauricio +230
0%
Mauritania +222
0%
Moldavia +373
0%
Mongolia +976
0%
Montenegro +382
0%
Mozambique +258
0%
Myanmar +95
0%
Namibia +264
0%
Nauru +674
0%
Nepal +977
0%
Níger +227
0%
Nigeria +234
0%
Noruega +47
0%
Nueva Zelanda +64
0%
Omán +968
0%
Pakistán +92
0%
Palaos +680
0%
Papúa Nueva Guinea +675
0%
República Centroafricana +236
0%
República Checa +420
0%
República del Congo +242
0%
República Democrática del Congo +243
0%
Ruanda +250
0%
Rumania +40
0%
San Cristóbal y Nieves +1869
0%
Santa Lucía +1758
0%
Santo Tomé y Príncipe +239
0%
San Vicente y las Granadinas +1784
0%
Senegal +221
0%
Serbia +381
0%
Seychelles +248
0%
Sierra Leona +232
0%
Singapur +65
0%
Siria +963
0%
Somalia +252
0%
Sri Lanka +94
0%
Sudáfrica +27
0%
Sudán +249
0%
Sudán del Sur +211
0%
Suecia +46
0%
Suiza +41
0%
Surinam +597
0%
Tailandia +66
0%
Taiwán +886
0%
Tanzania +255
0%
Tayikistán +992
0%
Timor Oriental +670
0%
Togo +228
0%
Tonga +676
0%
Trinidad y Tobago +1868
0%
Túnez +216
0%
Turkmenistán +993
0%
Turquía +90
0%
Tuvalu +688
0%
Ucrania +380
0%
Uganda +256
0%
Uzbekistán +998
0%
Vanuatu +678
0%
Vietnam +84
0%
Yemen +967
0%
Yibuti +253
0%
Zambia +260
0%
Zimbabue +263
0%
No se encontraron pruebas coincidentes
Distribución de puntuación
Porcentaje de gente con cada puntuación
Porcentaje por número respondido
Historial de tus puntuaciones
No has intentado esta prueba.